000 00748nam a2200229 a 4500
001 47609
003 BD-RjUL
005 20211209054342.0
008 160809s1974 b ||||| |||| 00| 0 eng d
020 _c:Tk.6.00
035 _a(BD-RjUL) 47728
040 _aBD-RjUL
_bben
_cBD-RjUL
041 _aben
082 _223
_a570.209
_bALB 1974
100 1 _aআল-ফারুখ
_9144682
245 1 0 _aবিচিত্র পৃথিবী /
_cআল-ফারুখ
260 _aঢাকা :
_bবাংলা একাডেমী,
_c১৯৭৪.
300 _a[১৪], ৭৯ পৃ :
_bচিত্র ;
_c২১ সেমি.
600 _aজীবন বিজ্ঞান
_9146164
650 _aLife sciences
_9146060
942 _2ddc
_cBK
999 _c47609
_d47609